Welcome to WEB OPAC of MRSPTU Central Library

A textbook of automobile engineering-1 (Record no. 5095)

MARC details
000 -LEADER
fixed length control field 00422nam a2200169Ia 4500
008 - FIXED-LENGTH DATA ELEMENTS--GENERAL INFORMATION
fixed length control field 230711s9999||||xx |||||||||||||| ||und||
020 ## - INTERNATIONAL STANDARD BOOK NUMBER
International Standard Book Number 978-93-5014-042-0
041 ## - LANGUAGE CODE
Language code of text/sound track or separate title ENG
082 ## - DEWEY DECIMAL CLASSIFICATION NUMBER
Classification number 629.2
Item number GI-A
100 ## - MAIN ENTRY--PERSONAL NAME
Personal name Gill,P.S
245 #2 - TITLE STATEMENT
Title A textbook of automobile engineering-1
250 ## - EDITION STATEMENT
Edition statement 1st Ed.
260 ## - PUBLICATION, DISTRIBUTION, ETC.
Date of publication, distribution, etc. 2010
Place of publication, distribution, etc. New Delhi
Name of publisher, distributor, etc. S.K Kataria & Sons
300 ## - PHYSICAL DESCRIPTION
Extent 761
650 ## - SUBJECT ADDED ENTRY--TOPICAL TERM
Topical term or geographic name entry element Mechanical Engineering
942 ## - ADDED ENTRY ELEMENTS (KOHA)
Koha item type Book
Holdings
Withdrawn status Lost status Damaged status Not for loan Collection Home library Current library Date acquired Total checkouts Full call number Barcode Date last seen Date last checked out Price effective from Koha item type
          MRSPTU Central Library MRSPTU Central Library   1 629.2 GI-A 19078 09/04/2023 08/31/2023 08/17/2023 Book
          MRSPTU Central Library MRSPTU Central Library   3 629.2 GI-A 19079 12/24/2024 11/20/2024 08/17/2023 Book
          MRSPTU Central Library MRSPTU Central Library   1 629.2 GI-A 19080 01/12/2024 09/08/2023 08/17/2023 Book
          MRSPTU Central Library MRSPTU Central Library     629.2 GI-A 19081 08/17/2023   08/17/2023 Book
          MRSPTU Central Library MRSPTU Central Library   1 629.2 GI-A 19082 12/09/2024 11/29/2024 08/17/2023 Book
          MRSPTU Central Library MRSPTU Central Library     629.2 GI-A 19083 08/17/2023   08/17/2023 Book
          MRSPTU Central Library MRSPTU Central Library     629.2 GI-A 19084 08/17/2023   08/17/2023 Book
          MRSPTU Central Library MRSPTU Central Library   1 629.2 GI-A 19085 02/10/2025 03/20/2024 08/17/2023 Book
          MRSPTU Central Library MRSPTU Central Library     629.2 GI-A 19086 08/17/2023   08/17/2023 Book
          MRSPTU Central Library MRSPTU Central Library     629.2 GI-A 19087 08/17/2023   08/17/2023 Book
          MRSPTU Central Library MRSPTU Central Library     629.2 GI-A 19088 08/17/2023   08/17/2023 Book
          MRSPTU Central Library MRSPTU Central Library     629.2 GI-A 19089 08/17/2023   08/17/2023 Book
          MRSPTU Central Library MRSPTU Central Library     629.2 GI-A 19090 08/17/2023   08/17/2023 Book
          MRSPTU Central Library MRSPTU Central Library     629.2 GI-A 19091 08/17/2023   08/17/2023 Book
          MRSPTU Central Library MRSPTU Central Library     629.2 GI-A 19092 08/17/2023   08/17/2023 Book

Website Designed and Developed by MRSPTU Central Library Team

E-mail Id: librarian@mrsptu.ac.in